Bohaterowie kreskówek Cartoon Network - Statystyki

Ogólne statystyki
  • Ten quiz został rozwiązany 23 razy
  • Średni wynik to 22 z 50
Statystyki odpowiedzi
Obrazkowy Odpowiedź % Poprawnych
Dexter
95%
Chojrak
89%
Ed
89%
Edd
89%
Eddy
89%
Johnny Bravo
89%
Kurczak
84%
Brawurka
79%
Krowa
79%
Ben
74%
Gwiazdka
68%
Bestia
63%
Gumball
63%
Raven
63%
Robin
63%
Bajka
58%
Bójka
58%
Darwin
58%
Dee Dee
58%
Cyborg
53%
Czerwony diabeł
53%
Flapjack
53%
Anais
47%
Eustachy Motyka
47%
Gwen
47%
Pani Foster
42%
Johnny Test
37%
Pawian
37%
Billy
32%
Mandy
32%
Muriel Motyka
32%
Rigby
32%
Robotboy
32%
Samurai Jack
32%
Jam Łasica
26%
Bloo
21%
Lucjan Cramp
21%
Bańka
16%
Koko
16%
Lazlo
16%
Maks
16%
Marian Cramp
16%
Mordecai
16%
Chudy
11%
Knykieć
11%
Pan Zając
11%
Dukey
5%
Eduardo
5%
Franka
5%
Ponury Kosiarz
5%
Nie znaleziono quizów pasujących do podanych kryteriów
Rozkład punktacji
Procent ludzi z każdym wynikiem
Percentyl według liczby udzielonych odpowiedzi
Twoja historia wyników
Nie rozwiązałeś tego quizu